000 01184 a2200277 4500
003 Nust
005 20220817124837.0
010 _a 2007296519
020 _a0470028084 (hbk.)
020 _a9780470028087 (hbk.)
035 _a(OCoLC)71808066
035 _a(OCoLC)ocm71808066
040 _cNust
082 0 4 _a621.38212,NUA
100 1 _aNuaymi, Loutfi.
_997782
245 1 0 _aWiMAX :
_btechnology for broadband wireless access /
_cLoutfi Nuaymi.
260 _aChichester, England ;
_aHoboken, NJ :
_bJohn Wiley,
_cc2007.
300 _axxv, 283 p. ;
_bill. ;
_c25 cm.
505 _aglobal Introduction to WiMAX (Page-1), WiMAX Physical Layer (Page-43), WiMAX Multiple Access (MAC Layer) and QoS Management (Page-81), Diverse Topics (Page-183),
650 0 _aIEEE 802.16 (Standard)
_997106
650 0 _aTelecommunication engineering
856 4 2 _3Contributor biographical information
_uhttp://www.loc.gov/catdir/enhancements/fy0741/2007296519-b.html
856 4 2 _3Publisher description
_uhttp://www.loc.gov/catdir/enhancements/fy0741/2007296519-d.html
856 4 2 _3Table of contents only
_uhttp://www.loc.gov/catdir/enhancements/fy0741/2007296519-t.html
942 _cREF
_2ddc
999 _c188482
_d188482